Отбор проб газа для промышленного анлиза: пер. с нем.

Xehetasun bibliografikoak
Beste egile batzuk: Науман А. (составитель)
Hizkuntza:errusiera
Argitaratua: Москва, Бюро технической информации, 1962
Saila:Энергетика за рубежом
Gaiak:
Formatua: MixedMaterials Liburua
KOHA link:https://koha.lib.tpu.ru/cgi-bin/koha/opac-detail.pl?biblionumber=117769

MARC

LEADER 00000nam0a2200000 4500
001 117769
005 20231031123922.0
035 |a (RuTPU)RU\TPU\book\127475 
090 |a 117769 
100 |a 20070606d1962 km y0rusy50 ca 
101 1 |a rus  |c ger 
102 |a RU 
105 |a a z 001zy 
200 1 |a Отбор проб газа для промышленного анлиза  |e пер. с нем.  |f сост. А. Науман 
210 |a Москва  |c Бюро технической информации  |d 1962 
215 |a 15 с.  |c ил. 
225 1 |a Энергетика за рубежом 
320 |a Библиогр.: с. 14-15. 
610 1 |a газы 
610 1 |a газовое хозяйство 
610 1 |a пробы 
610 1 |a промышленный анализ 
610 1 |a газоанализаторы 
610 1 |a отбор 
675 |a 662.613  |v 3 
702 1 |a Науман  |b А.  |4 220 
801 1 |a RU  |b 63413507  |c 20070606  |g PSBO 
801 2 |a RU  |b 63413507  |c 20140110  |g PSBO 
942 |c BK